000 00737cab a2200205 4500
001 ABS37923
008 090401t1987 xxu||||| |||| 00| 0 eng d
035 _a(Sirsi) u7635
041 _aeng
100 _aHancock, M.
245 4 _aThe selection of contractual arrangements
260 _c1987
350 _a0
490 _aChartered Quantity Surveyor
_v9(11) July 1987, 12-13(2)
520 _aStresses the importance of making the right decision in the selection of contractual arrangements during the management of a building contract and the variables which influence the decision making process.
650 _aCONSTRUCTION MANAGEMENT
_96230
690 _aBUILDING AND CONSTRUCTION-PROJECTS
942 _n0
948 _c04/03/1997
999 _c4640
_d4640